| 000 | 00343nam a22001457a 4500 | ||
|---|---|---|---|
| 999 |
_c15682 _d15682 |
||
| 003 | OSt | ||
| 008 | 190527b ||||| |||| 00| 0 eng d | ||
| 020 | _a9788177545548 | ||
| 082 |
_a630 _bSRI/MO |
||
| 100 |
_aSrivastava _94173 |
||
| 245 | _aModern Principles of Agronomy | ||
| 260 |
_aJodhpur _bAGROBIOS _c2014 |
||
| 300 | _a583 p. | ||
| 942 | _cBK | ||